000 00988nam a2200265Ia 4500
003 OSt
005 20221005103436.0
006 a|||||r|||| 00| 0
007 ta
008 221004b |||||||| |||| 00| 0 hin d
020 _a9788189698454 (pbk)
_c500
024 _a109332
037 _b550, 17/03/2011, Eastern Book Linkers
_cTextual
040 _aCRL
_cCRL
_bhin
041 _2hin
_ahin
082 _aQ31:21:g(X), 152P7
100 _aधींग, दिलीप
245 0 _aजैन आगमों का अर्थशास्त्रीय मूल्यांकन
246 _aJain āgamoan kā arthashāstrīya mūlyāankana
260 _aजयपुर
_bप्राकृत भारती अकादमी भारत
_c2007
300 _a378पृ0
_ccm.
650 _aधर्म
942 _hQ31:21:g(X), 152P7
_cTEXL
_2cc
999 _c1010092
_d1010092